000 00471nam a22001697a 4500
005 20240718094732.0
008 240718b |||||||| |||| 00| 0 eng d
020 _a9780471414056
082 _a621.382
_bAND-G
100 _aAndersson, Christopher
245 _aGPRS and 3G wireless applications /
_cChristopher Anderson
260 _aUSA:
_bWiley;
_c2011.
300 _axiv, 320 p. :
_bill;
_c24 cm.
500 _ainclude index.
650 _aNetworking
999 _c36124
_d36124